000 00562nai a2200169Ia 4500
003 IN-BaIIA
008 211028c9999 xx s 000 0 eng d
022 _a1096-9861 (Online)
040 _cIIA Library
245 4 _aThe Journal of Comparative Neurology
_h[eJournal]
260 _aNew Jersey
_bJohn Wiley & Sons
310 _a18/year
362 _a364(1); 1996 - Present
521 _bSubscribed through National Knowledge Resource Consortium (NKRC)
856 _uhttps://onlinelibrary.wiley.com/journal/10969861
_yClick Here to Access eJournal
942 _cEJ
999 _c35781
_d35781